| 000 | 00501nam a2200217Ia 4500 | ||
|---|---|---|---|
| 008 | 170918s9999 xx 000 0 und d | ||
| 020 | _a9780689854187 | ||
| 050 | _bB433fo 2006 | ||
| 100 | _aBell, Hilari | ||
| 245 | _aForging the sword / | ||
| 245 | _cby Hilari Bell. | ||
| 260 | _aNew York : | ||
| 260 | _bSimon Pulse, | ||
| 260 | _c2006 | ||
| 300 | _a608 pages : | ||
| 300 | _billustrations ; | ||
| 300 | _c17cm. | ||
| 300 | _eThe Farsala trilogy ; | ||
| 440 | _a3 | ||
| 500 | _a1010 | ||
| 999 |
_c343867 _d343867 |
||